The Plankton of South Vietnam - Freshwater and Marin Plankton

Đã lưu trong:
书目详细资料
主要作者: Shirota
格式: 图书
语言:Undetermined
出版: Japan Overseas Technical Cooperation Agency 1966
主题:
标签: 添加标签
没有标签, 成为第一个标记此记录!
Thư viện lưu trữ: Trung tâm Học liệu Trường Đại học Cần Thơ
LEADER 00543nam a2200193Ia 4500
001 CTU_147882
008 210402s9999 xx 000 0 und d
082 |a 577.76 
082 |b S588 
100 |a Shirota 
245 4 |a The Plankton of South Vietnam - Freshwater and Marin Plankton 
245 0 |c Shirota 
260 |a Japan 
260 |b Overseas Technical Cooperation Agency 
260 |c 1966 
650 |a Protozoa,Zooplankton 
650 |x Ecology,Ecology 
904 |i Giang 
980 |a Trung tâm Học liệu Trường Đại học Cần Thơ